Change of heart / (Record no. 5136)
[ view plain ]
| 000 -LEADER | |
|---|---|
| fixed length control field | 01471cam a2200193 4500 |
| 001 - CONTROL NUMBER | |
| control field | 6085 |
| 005 - DATE AND TIME OF LATEST TRANSACTION | |
| control field | 20181127180840.0 |
| 008 - FIXED-LENGTH DATA ELEMENTS--GENERAL INFORMATION | |
| fixed length control field | 070828s2008 nyu 000 1 eng |
| 010 ## - LIBRARY OF CONGRESS CONTROL NUMBER | |
| LC control number | 2007035721 |
| 020 ## - INTERNATIONAL STANDARD BOOK NUMBER | |
| International Standard Book Number | 9780340935842 |
| 100 1# - MAIN ENTRY--PERSONAL NAME | |
| Personal name | Picoult, Jodi, |
| Dates associated with a name | 1966- |
| 245 10 - TITLE STATEMENT | |
| Title | Change of heart / |
| Remainder of title | |
| Statement of responsibility, etc. | Jodi Picoult. |
| 260 ## - PUBLICATION, DISTRIBUTION, ETC. | |
| Place of publication, distribution, etc. | London : |
| Name of publisher, distributor, etc. | Hodder, |
| Date of publication, distribution, etc. | 2008. |
| 300 ## - PHYSICAL DESCRIPTION | |
| Extent | viii, 461 p. ; |
| Dimensions | 25 cm. |
| 520 ## - SUMMARY, ETC. | |
| Summary, etc. | One moment June Nealon was happily looking forward to years full of laughter and adventure with her family, and the next, she was staring into a future that was as empty as her heart. Now her life is a waiting game. Waiting for time to heal her wounds, waiting for justice. In short, waiting for a miracle to happen. For Shay Bourne, life holds no more surprises. The world has given him nothing, and he has nothing to offer the world. In a heartbeat, though, something happens that changes everything for him. Now, he has one last chance for salvation, and it lies with June's eleven-year-old daughter, Claire. But between Shay and Claire stretches an ocean of bitter regrets, past crimes, and the rage of a mother who has lost her child. Would you give up your vengeance against someone you hate if it meant saving someone you love? Would you want your dreams to come true if it meant granting your enemy's dying wish? |
| 650 #0 - SUBJECT ADDED ENTRY--TOPICAL TERM | |
| Topical term or geographic name entry element | Murderers |
| Form subdivision | Fiction. |
| Topical term or geographic name entry element | Repentance |
| Form subdivision | Fiction. |
| Topical term or geographic name entry element | Transplantation of organs, tissues, etc. |
| Form subdivision | Fiction. |
| Withdrawn status | Lost status | Source of classification or shelving scheme | Damaged status | Not for loan | Collection code | Home library | Current library | Shelving location | Date acquired | Serial Enumeration / chronology | Inventory number | Total Checkouts | Full call number | Barcode | Date last seen | Date last checked out | Price effective from | Koha item type |
|---|---|---|---|---|---|---|---|---|---|---|---|---|---|---|---|---|---|---|
| Dewey Decimal Classification | Fiction | RTC Library | RTC Library | Fiction | 31/03/2021 | 9598 | 5 | FIC 813.52 PIC | 30008175 | 21/03/2023 | 07/03/2023 | 27/11/2018 | Fiction |